000 00783nam a2200265 i 4500
001 C2-0319052
003 PPAK
005 20180728114843.0
008 121017s2011 my a|||| ||||| | may d
020 _a9789830687407
040 _aPPAK
_beng
_cPPAK
_erda
082 0 4 _a513.2
_223
090 0 0 _a513.2
_bLEF
_dK
100 1 _aLeffingwell, Richard,
_eauthor
245 1 0 _aTolak dan keluarkan
264 1 _aKuala Lumpur :
_bInstitut Terjemahan Negara Malaysia ,
_c2011
300 _a24 pages :
_bcolour illustrations ;
_c22 cm
336 _2rdacontent
_atext
337 _2rdamedia
_aunmediated
338 _2rdacarrier
_avolume
490 1 _aSiri asas matematik ITNM
650 1 0 _aSubtraction - Juvenile literature.
830 0 _aSiri asas matematik ITNM
942 _ddc
_cB
999 _c119927
_d119927